000
00344nam a2200157Ia 4500
003
Ost
005
20260225132551.0
008
260225s9999||||xx |||||||||||||| ||und||
040
_c
fsic
041
_a
fre
082
_a
320.951
100
_a
Tahar oussedik
_e
Auteur
245
0
_a
La berbérie /
245
0
_c
Tahar oussedik
942
_c
كتاب
999
_c
34171
_d
34171